Relatorio ácerca da decima sessão do Congresso Internacional de Anthropologia e archeologia prehistoricas / (Record no. 153634)

MARC details
000 -LEADER
campo de control de longitud fija 00728nam a2200169 i 4500
001 - NÚMERO DE CONTROL
campo de control 153634
003 - IDENTIFICADOR DE NÚMERO DE CONTROL
campo de control ES-MaACL
005 - FECHA Y HORA DE LA ÚLTIMA TRANSACCIÓN
campo de control 20250805063307.0
008 - DATOS DE LONGITUD FIJA--INFORMACIÓN GENERAL
campo de control de longitud fija 050927s1890 po |||| | por d
100 1# - ENTRADA PRINCIPAL--NOMBRE DE PERSONA
Nombre de persona Delgado, Joaquim Filipe Nery,
Fechas asociadas al nombre 1835-1908
9 (RLIN) 43410
245 10 - MENCIÓN DEL TÍTULO
Título Relatorio ácerca da decima sessão do Congresso Internacional de Anthropologia e archeologia prehistoricas /
Mención de responsabilidad, etc. por Joaquim Filippe Nery Delgado.
260 ## - PUBLICACIÓN, DISTRIBUCIÓN, ETC.
Lugar de publicación, distribución, etc. Lisboa :
Nombre del editor, distribuidor, etc. Imprensa Nacional,
Fecha de publicación, distribución, etc. 1890.
300 ## - DESCRIPCIÓN FÍSICA
Extensión 46 p. ;
Dimensiones 30 cm.
710 2# - ENTRADA AGREGADA--NOMBRE DE ENTIDAD CORPORATIVA
Nombre de entidad corporativa o nombre de jurisdicción como elemento de entrada Congresso Internacional de Anthropologia (
Fecha del congreso o de la firma del tratado 1889.
Sede del congreso/Lugar de la reunión (. París)
9 (RLIN) 134294
852 ## - LOCALIZACIÓN
Ubicación ES-MaACL
Número de control de estantería T-502-F-2
Nota libre - Enc. hol., conservando la enc. original
-- - Enc. en un vol. facticio
Holdings
Estatus retirado Estado de pérdida Estado de daño No para préstamo Colección Biblioteca de origen Biblioteca actual Ubicación en estantería Fecha de adquisición Total de préstamos Signatura topográfica completa Código de barras Visto por última vez Precio de reemplazo Tipo de ítem Koha
        Colección de folletos Biblioteca del Ateneo de Madrid Biblioteca del Ateneo de Madrid Depósito folletos 17/01/2008   T-502-F-2 1160608 23/02/2023 23/02/2023 Folleto